Missing Word: The Hunger Games - Mockingjay Cast Quiz Stats

Quiz Updated Sep 16, 2015

Challenge
Share
Tweet
Embed
Score 0/27 Timer 04:00
0 Plays Today
% Correct
Catching
88.4%
American
88.2%
Thin
79.6%
Nights
78%
Future
75.6%
Huntsman
74%
Quantum
73.8%
Tailor
73.3%
Charlie
68.7%
Slayer
67.8%
Winter
64.4%
Number
60%
Code
49.9%
Day
49.9%
% Correct
Space
47.5%
York
45.8%
Wild
44.7%
Scanner
30.4%
Stars
27.7%
Devil
25.4%
Boat
22.5%
Train
21.6%
Heaven
19%
Last
11.5%
White
11.2%
Big
10.6%
Lovers
10.4%

Today's Daily Dose

You're not logged in!

Compare scores with friends on all Sporcle quizzes.
Join for Free
OR
Log In

You Might Also Like...

Show Comments

Extras

Top Quizzes Today


Score Distribution

Your Account Isn't Verified!

In order to create a playlist on Sporcle, you need to verify the email address you used during registration. Go to your Sporcle Settings to finish the process.

Report this User

Report this user for behavior that violates our Community Guidelines.

Details: